| 000 | 03287nam a22011537a 4500 | ||
|---|---|---|---|
| 003 | PE-LiUPU | ||
| 005 | 20250813185657.0 | ||
| 008 | 230927b |||||||| |||| 00| 0 spa d | ||
| 020 | _a9786123175535 | ||
| 040 |
_aPE-LiUPU _bspa _cPE-LiUPU _erda |
||
| 082 |
_223 _a340 _bR896s |
||
| 100 | 1 | 0 |
_aRubio Correa, Marcial Antonio. _92594 _d1848- _eautor. |
| 245 | 1 | 3 |
_aEl sistema jurídico: Introducción al derecho / _c Marcial Antonio Rubio Correa. |
| 250 | _aDuodécima edición | ||
| 264 |
_aLima : _bPontificia Universidad Católica del Perú: Fondo editorial, _c2021. |
||
| 300 |
_a354 páginas : _bCuadros , _c24 centímetros. |
||
| 500 | _aIncluye bibliografías al pie de página. | ||
| 505 | _aEL ESTADO: El estado y el derecho -- estado y derecho en el Perú -- Las normas jurídicas -- Las fuentes del derecho -- legislación como fuente de derecho -- la jurisprudencia como fuente de derecho -- La costumbre como fuente de derecho -- La doctrina como fuente del derecho -- APLICACIÓN DEL DERECHO: La interpretación jurídica -- La integración jurídica -- La naturaleza del derecho -- Teorías sobre el ser del derecho -- anexos: un método para el trabajo jurídico -- guía para preparación de exámenes de título de abogado. | ||
| 526 | _aP202 | ||
| 526 | _aP201 | ||
| 526 | _aP163 | ||
| 526 | _aP162 | ||
| 526 | _aP161 | ||
| 526 | _aP160 | ||
| 526 | _aP148 | ||
| 526 | _aP147 | ||
| 526 | _aP146 | ||
| 526 | _aP145 | ||
| 526 | _aP144 | ||
| 526 | _aP143 | ||
| 526 | _aP142 | ||
| 526 | _aP141 | ||
| 526 | _aP140 | ||
| 526 | _aP139 | ||
| 526 | _aP138 | ||
| 526 | _aP137 | ||
| 526 | _aP136 | ||
| 526 | _aP135 | ||
| 526 | _aP134 | ||
| 526 | _aP133 | ||
| 526 | _aP129 | ||
| 526 | _aP128 | ||
| 526 | _aP127 | ||
| 526 | _aP120 | ||
| 526 | _aP119 | ||
| 526 | _aP118 | ||
| 526 | _aP116 | ||
| 526 | _aP115 | ||
| 526 | _aP114 | ||
| 526 | _aP110 | ||
| 526 | _aP109 | ||
| 526 | _aP108 | ||
| 526 | _aP104 | ||
| 526 | _aP103 | ||
| 526 | _aP102 | ||
| 526 | _aP99 | ||
| 526 | _aP98 | ||
| 526 | _aP97 | ||
| 526 | _aP96 | ||
| 526 | _aP95 | ||
| 526 | _aP93 | ||
| 526 | _aP90 | ||
| 526 | _aP89 | ||
| 526 | _aP88 | ||
| 526 | _aP83 | ||
| 526 | _aP82 | ||
| 526 | _aP62 | ||
| 526 | _aP59 | ||
| 526 | _aP58 | ||
| 526 | _aP57 | ||
| 526 | _aP51 | ||
| 526 | _aP49 | ||
| 526 | _aP48 | ||
| 526 | _aP47 | ||
| 526 | _aP29 | ||
| 526 | _aP24 | ||
| 526 | _aP20 | ||
| 526 | _aP19 | ||
| 526 | _aP17 | ||
| 526 | _aP15 | ||
| 526 | _aP14 | ||
| 526 | _aP12 | ||
| 526 | _aP10 | ||
| 526 | _aP09 | ||
| 526 | _aP08 | ||
| 526 | _aP07 | ||
| 526 | _aP06 | ||
| 526 | _aP05 | ||
| 526 | _aP04 | ||
| 526 | _aP01 | ||
| 556 |
_aE001-106-10444184961
_z9786123175535 |
||
| 650 | 0 |
_aDerecho _x-Estudio y enseñanza _z-Perú. _92600 |
|
| 650 | 0 |
_aFilosofía del derecho. _92601 |
|
| 650 | 0 |
_aDerecho _x-Interpretación y aplicacíón _92602 |
|
| 710 |
_aPontificia Universidad Católica del Perú, _e-Entidad editora. _92603 |
||
| 942 |
_2ddc _cBK _n0 |
||
| 980 |
_621515 _aDIGNA BRAÑES Analista Documental _81 _gALBERTO SANCHEZ Responsable de Automatización |
||
| 999 |
_c61981 _d61981 |
||